Normal view
MARC view
- The sun
Entry Topical Term
001 - CONTROL NUMBER
- control field: 87049
003 - CONTROL NUMBER IDENTIFIER
- control field: OSt
005 - DATE AND TIME OF LATEST TRANSACTION
- control field: 20260109141307.0
008 - FIXED-LENGTH DATA ELEMENTS
- fixed length control field: 260109|| aca||aabn | a|a d
040 ## - CATALOGING SOURCE
- Original cataloging agency: OSt
- Transcribing agency: OSt
150 ## - HEADING--TOPICAL TERM
- Topical term or geographic name as entry element: The sun
670 ## - SOURCE DATA FOUND
- Source citation: Work cat.: (OSt)50010: (KHMER) The sun /, 2024